00938na a2200253 450000100060000000300080000600500170001400800410003102000150007203500100008704000250009708200260012211000460014822200330019424501140022724600410034126000600038230000250044249000430046765000430051065000330055365000430058665100550062914978MIRAKIL20181213155106.0160920b tu 000 0  a9751906059 a14978 aMilasbturcTR-AnCHP a324.9 1977bD53s 1978 aDevlet İstatistik Enstitüsü (DİE) aSenato üyeleri seçimleri a5 Haziran 1977 Cumhuriyet Senatosu üyeleri seçimi sonuçlarıcDevlet İstatistik Enstitüsü (DİE) a1977 Cumhuriyet Senatosu seçimleri aAnkarabDevlet İstatistik Enstitüsü (DİE)c1978 a636 s.btbl.c30 sm. aDevlet İstatistik Enstitüsüv854 aSeçimleryİstatistiklerzTürkiye aTBMMx16. Dönemy1977-1980 aSiyasal partilerx1977-1980zTürkiye aTürkiyexGenel seçimler, 1977yİstatistikler